|
|
|
|
| LEADER |
00799Cam#a2200301#a#4500 |
| 001 |
010473 |
| 005 |
20160721145743.0 |
| 008 |
950628s1987 ag # g#b #000#0#spa#d |
| 020 |
|
|
|a 9502300777
|
| 040 |
|
|
|a AR-beUNQ
|
| 082 |
0 |
4 |
|a 980
|2 21
|
| 099 |
|
|
|a 30-M3
|
| 100 |
1 |
|
|a Mellafe, Rolando
|
| 245 |
0 |
3 |
|a La esclavitud en Hispanoamérica
|c Rolando Mellafe.
|
| 250 |
|
|
|a 4a. ed.
|
| 260 |
|
|
|a Buenos Aires :
|b EUDEBA,
|c 1987
|
| 300 |
|
|
|a 120 p. ;
|c 19 cm.
|
| 490 |
1 |
|
|a América
|
| 504 |
|
|
|a Bibliografía: p.103-115.
|
| 648 |
|
4 |
|a 1500-1880
|
| 650 |
|
7 |
|a HISTORIA
|2 Spines
|
| 650 |
|
7 |
|a ESCLAVITUD
|2 Spines
|
| 651 |
|
7 |
|a AMERICA
|2 Spines
|
| 830 |
|
0 |
|a América (EUDEBA).
|
| 929 |
|
|
|a COMPRA
|b Eudeba
|c Exp. 827-0207/95
|d 4,20
|e 1995
|j 11506
|
| 929 |
|
|
|j 23071
|
| 942 |
|
|
|c LIB
|n 0
|
| 999 |
|
|
|c 12889
|d 88276
|